Pokémon with 4x weakness to Psychic - Statistics

General Stats
  • This quiz has been taken 242 times
    51 since last reset
  • The average score is 4 of 5
Answer Stats
Gen Answer % Correct
IV Croagunk
100%
IV Toxicroak
97%
IX Okidogi
69%
VIII Sneasler
63%
VIII Sneasel (Hisuian)
47%
No matching quizzes found
Score Distribution
Percent of People with Each Score
Percentile by Number Answered
Your Score History
You have not taken this quiz since the last reset